| 000 | 00564nam a22001937a 4500 | ||
|---|---|---|---|
| 005 | 20240301163317.0 | ||
| 010 | _aENG-139439 | ||
| 020 |
_a9788192256108 _c630.00 |
||
| 035 | _aEN-122971 | ||
| 037 | _bDBAD/PUB | ||
| 082 |
_a294.5921 _21 _b1 |
||
| 100 |
_aChakraburtty, Sneh _962748 |
||
| 245 |
_aUniversal Religion/ _cBy Sheh Chakraburtty _hEnglish |
||
| 260 |
_aDelhi _bAnkit Informatics Ltd |
||
| 270 |
_aAnkit Informatics Pvt Ltd _bDelhi _e110092 |
||
| 300 |
_a412Pages _c22.cm pbk |
||
| 760 | _b1 | ||
| 942 |
_cEN _h294.5921 _2ddc _mCHA _e2011 |
||
| 999 |
_c201150 _d201150 |
||